Top 10 de Liège-Bastogne-Liège de 2010-2019 - Statistiques

Statistiques générales
  • Ce quiz a été pris 21 fois
  • Le résultat moyen est 61 sur 100
Statistiques - réponses
Année Classement Cycliste Team Nationalité % Correct
3 Alejandro Valverde Movistar Team Espagne
95%
2 Alejandro Valverde Movistar Team Espagne
95%
2015 1 Alejandro Valverde Movistar Team Espagne
95%
2017 1 Alejandro Valverde Movistar Team Espagne
95%
10 Romain Bardet AG2R La Mondiale France
95%
6 Romain Bardet AG2R La Mondiale France
95%
6 Romain Bardet AG2R La Mondiale France
95%
3 Romain Bardet AG2R La Mondiale France
95%
5 Andy Schleck TEam Saxo Bank-Tinkoff Bank Luxembourg
90%
3 Andy Schleck Team Leopard-Trek Luxembourg
90%
5 Dan Martin Garmin-Sharp Irlande
90%
2013 1 Dan Martin Garmin-Sharp Irlande
90%
2 Dan Martin Quick-Step Floors Irlande
90%
8 Frank Schleck Team Saxo Bank-Tinkoff Bank Luxembourg
90%
2 Frank Schleck Team Leopard-Trek Luxembourg
90%
2 Julian Alaphilippe Etixx-Quick Step France
90%
4 Julian Alaphilippe Quick-Step Floors France
90%
8 Vincenzo Nibali Liqugas-Cannondale Italie
90%
2 Vincenzo Nibali Liquigas-Cannondale Italie
90%
8 Vincenzo Nibali Bahrain-Merida Italie
90%
8 Adam Yates Orica-Scott Grande-Bretagne
85%
4 Adam Yates Mitchelton-Scott Grande-Bretagne
85%
9 Jakob Fuglsang Astana Pro Team Danemark
85%
10 Jakob Fuglsang Astana Pro Team Danemark
85%
2019 1 Jakob Fuglsang Astana Pro Team Danemark
85%
3 Philippe Gilbert Omega Pharma-Lotto Belgique
85%
2011 1 Philippe Gilbert Omega Pharma-Lotto Belgique
85%
7 Philippe Gilbert BMC Racing Team Belgique
85%
8 Philippe Gilbert BMC Racing Team Belgique
85%
2010 1 Alexandre Vinokourov Astana-Premier Tech Kazakstan
80%
10 Thomas Voeckler BBox Bouygues Telecom France
80%
4 Thomas Voeckler Europcar France
80%
2018 1 Bob Jungels Quick-Step Floors Luxembourg
75%
4 Cadel Evans BMC Racing Team Australie
75%
6 David Gaudu Groupama-FDJ France
75%
5 Ilnur Zakarin Katusha-Alpecin Russie
75%
3 Michal Kwiatkowski Omega Pharma-Quick Step Pologne
75%
3 Michal Kwiatkowski Team Sky Pologne
75%
9 Michael Woods Cannondale-Drapac Canada
70%
2 Michael Woods EF Pro Cycling Canada
70%
5 Michael Woods EF Pro Cycling Canada
70%
7 Mikel Landa Movistar Team Espagne
70%
6 Warren Barguil Giant-Alpecin France
70%
2 Joaquim Rodriguez Katusha-Alpecin Espagne
65%
3 Joaquim Rodriguez Katusha-Alpecin Espagne
65%
8 Joaquim Rodriguez Katusha-Alpecin Espagne
65%
10 Rafal Majka Bora-Hansgrohe Pologne
65%
4 Roman Kreuziger Astana-Premier Tech République Tchèque
65%
7 Roman Kreuziger Tinkoff-Saxo République Tchèque
65%
5 Roman Kreuziger Tinkoff-Saxo République Tchèque
65%
7 Roman Kreuziger Tinkoff République Tchèque
65%
8 Roman Kreuziger Mitchelton-Scott République Tchèque
65%
9 Rui Costa Movistar Team Portugal
65%
4 Rui Costa Lampre-Merida Portugal
65%
3 Rui Costa Lampre-Merida Portugal
65%
10 Samuel Sanchez Euskaltel-Euskadi Espagne
65%
7 Samuel Sanchez Euskaltel-Euskadi Espagne
65%
4 Samuel Sanchez BMC Racing Team Espagne
65%
7 Sergio Henao Team Sky Colombie
65%
9 Sergio Henao Team Sky Colombie
65%
6 Bauke Mollema Rabobank Pays-Bas
60%
9 Bauke Mollema Trek-Segafredo Pays-Bas
60%
2016 1 Wouter Poels Team Sky Pays-Bas
60%
10 Wouter Poels Team Sky Pays-Bas
60%
9 Alberto Contador Astana-Premier Tech Espagne
55%
5 Domenico Pozzovivo AG2R La Mondiale Italie
50%
8 Domenico Pozzovivo AG2R La Mondiale Italie
50%
5 Domenico Pozzovivo Bahrain-Merida Italie
50%
4 Giampaolo Caruso Katusha-Alpecin Italie
50%
9 Ryder Hesjedal Garmin-Sharp Canada
50%
8 Ryder Hesjedal Garmin-Sharp Canada
50%
10 Simon Gerrans Orica-Scott Australie
50%
2014 1 Simon Gerrans Orica-Scott Australie
50%
7 Greg Van Avermaet BMC Racing Team Belgique
45%
3 Maximilian Schachmann Bora-Hansgrohe Allemagne
45%
4 Carlos Betancur AG2R La Mondiale Colombie
40%
9 Dylan Teuns Bahrain-Merida Belgique
40%
2 Michael Albasini Orica-Scott Suisse
40%
7 Michael Albasini Orica-Scott Suisse
40%
4 Michael Matthews Team Sunweb Australie
40%
8 Michele Scarponi Lampre-ISD Italie
35%
5 Michele Scarponi Lampre-Merida Italie
35%
7 Christopher Horner RadioShack États-Unis
30%
7 Davide Formolo Bora-Hansgrohe Italie
30%
2 Davide Formolo Bora-Hansgrohe Italie
30%
5 Rigoberto Uran Team Sky Colombie
30%
6 Igor Anton Euskaltel-Euskadi Espagne
25%
5 Ion Izagirre Bahrain-Merida Espagne
25%
9 Daniel Moreno Katusha-Alpecin Espagne
20%
10 Daniel Moreno Katusha-Alpecin Espagne
20%
6 Chris Anker Sorensen Saxo Bank Sungard Danemark
15%
10 Jelle Vanendert Lotto-Belisol Belgique
15%
2 Aleksandr Kolobnev Katusha-Alpecin Russie
10%
9 Björn Leukemans Vacansoleil Belgique
10%
3 Enrico Gasparotto Astana Pro Team Italie
10%
6 Enrico Gasparotto Astana-Premier Tech Suisse
10%
6 Enrico Gasparotto Bahrain-Merida Italie
10%
2012 1 Maxim Iglinskiy Astana Pro Team Kazakstan
10%
10 Diego Rosa Astana Pro Team Italie
5%
6 Tom Jelte Slagter Garmin-Sharp Pays-Bas
0%
Aucun quiz correspondant
Distribution des résultats
% des personnes avec chaque résultat
Percentile par nombre de réponses
Votre historique - résultats
Vous n’avez pas pris ce quiz